Hath Pradeepika Svatmarama ( Hindi) (Record no. 11736)

MARC details
000 -LEADER
fixed length control field 00440nam a2200193Ia 4500
003 - CONTROL NUMBER IDENTIFIER
control field OSt
005 - DATE AND TIME OF LATEST TRANSACTION
control field 20260223105436.0
008 - FIXED-LENGTH DATA ELEMENTS--GENERAL INFORMATION
fixed length control field 220613s9999||||xx |||||||||||||| ||und||
020 ## - INTERNATIONAL STANDARD BOOK NUMBER
International Standard Book Number+Amount 9788189485122
040 ## - CATALOGING SOURCE
Transcribing agency SRHU
082 ## - DEWEY DECIMAL CLASSIFICATION NUMBER
Classification number 613.704
100 ## - MAIN ENTRY--PERSONAL NAME
Author Name Digambaraji Swami
245 #0 - TITLE STATEMENT
Title Hath Pradeepika Svatmarama ( Hindi)
250 ## - EDITION STATEMENT
Edition 6th(2017)
260 ## - PUBLICATION, DISTRIBUTION, ETC. (IMPRINT)
Name of publisher Kaivalyadhama Lonavia
300 ## - PHYSICAL DESCRIPTION
Page No 248
650 ## - SUBJECT ADDED ENTRY--TOPICAL TERM
Subject yoga
942 ## - ADDED ENTRY ELEMENTS (KOHA)
Koha item type GB
Holdings
Withdrawn status Lost status Source of classification or shelving scheme Damaged status Not for loan Home library Current library Date acquired Total Checkouts Barcode Date last seen Date checked out Koha item type Cost, normal purchase price (Rupees) Price effective from
    Dewey Decimal Classification     SRHU Library System SRHU Library System 27/05/2023 1 CL0019703 18/09/2023 27/05/2023 Yoga Science    
    Dewey Decimal Classification     SRHU Library System SRHU Library System 27/05/2023 1 CL0019704 18/09/2023 27/05/2023 Yoga Science    
    Dewey Decimal Classification     SRHU Library System SRHU Library System 27/05/2023 1 CL0019705 18/09/2023 27/05/2023 Yoga Science    
    Dewey Decimal Classification     SRHU Library System SRHU Library System 27/05/2023 1 CL0019706 18/09/2023 27/05/2023 Yoga Science    
    Dewey Decimal Classification     SRHU Library System SRHU Library System 27/05/2023 1 CL0019707 18/09/2023 27/05/2023 Yoga Science    
    Dewey Decimal Classification     SRHU Library System SRHU Library System 27/05/2023 1 CL0019708 18/09/2023 27/05/2023 Yoga Science    
    Dewey Decimal Classification     SRHU Library System SRHU Library System 27/05/2023 1 CL0019709 18/09/2023 27/05/2023 Yoga Science    
    Dewey Decimal Classification     SRHU Library System SRHU Library System 27/05/2023 1 CL0019710 18/09/2023 27/05/2023 Yoga Science    
    Dewey Decimal Classification     SRHU Library System SRHU Library System 27/05/2023 1 CL0019711 18/09/2023 27/05/2023 Yoga Science    
    Dewey Decimal Classification     SRHU Library System SRHU Library System 27/05/2023 1 CL0019712 18/09/2023 27/05/2023 Yoga Science    
    Dewey Decimal Classification     SRHU Library System SRHU Library System 10/01/2025   CL0024026 10/01/2025   Yoga Science 300.00 10/01/2025
    Dewey Decimal Classification     SRHU Library System SRHU Library System 10/01/2025   CL0024027 10/01/2025   Yoga Science 300.00 10/01/2025
    Dewey Decimal Classification     SRHU Library System SRHU Library System 10/01/2025   CL0024028 10/01/2025   Yoga Science 300.00 10/01/2025
    Dewey Decimal Classification     SRHU Library System SRHU Library System 10/01/2025   CL0024029 10/01/2025   Yoga Science 300.00 10/01/2025
    Dewey Decimal Classification     SRHU Library System SRHU Library System 10/01/2025   CL0024030 10/01/2025   Yoga Science 300.00 10/01/2025
    Dewey Decimal Classification     SRHU Library System SRHU Library System 10/01/2025   CL0024031 10/01/2025   Yoga Science 300.00 10/01/2025
    Dewey Decimal Classification     SRHU Library System SRHU Library System 10/01/2025   CL0024032 10/01/2025   Yoga Science 300.00 10/01/2025
    Dewey Decimal Classification     SRHU Library System SRHU Library System 10/01/2025   CL0024033 10/01/2025   Yoga Science 300.00 10/01/2025
    Dewey Decimal Classification     SRHU Library System SRHU Library System 10/01/2025   CL0024034 10/01/2025   Yoga Science 300.00 10/01/2025
    Dewey Decimal Classification     SRHU Library System SRHU Library System 10/01/2025   CL0024035 10/01/2025   Yoga Science 300.00 10/01/2025
Designed & Maintained by: SRHU Library System
Central Library, Contact: